Canadian Banking and Monetary Policy
Salvato in:
| Autore principale: | |
|---|---|
| Altri autori: | |
| Natura: | Libro |
| Lingua: | inglese |
| Pubblicazione: |
Toronto
MacGraw-Hill Co. of Canada
1965
|
| Edizione: | 1. ed. |
| Soggetti: | |
| Tags: |
Nessun Tag, puoi essere il primo ad aggiungerne!!
|
MARC
| LEADER | 00000nam a2200000 4500 | ||
|---|---|---|---|
| 001 | c002063 | ||
| 005 | 20221220103133.7 | ||
| 041 | 0 | |a eng | |
| 044 | |a CA | ||
| 245 | 1 | 0 | |a Canadian Banking and Monetary Policy |c James P. Cairns, H.H. Binhammer |
| 250 | |a 1. ed. | ||
| 264 | 1 | |a Toronto |b MacGraw-Hill Co. of Canada |c 1965 | |
| 300 | |a 377 s. | ||
| 610 | 2 | 0 | |a Kanada |
| 610 | 2 | 0 | |a bankovníctvo |
| 610 | 2 | 0 | |a peňažníctvo |
| 610 | 2 | 0 | |a politika menová |
| 610 | 2 | 0 | |a politika hospodárska |
| 610 | 2 | 0 | |a úverovanie |
| 610 | 2 | 0 | |a inflácia |
| 610 | 2 | 0 | |a Bank of Canada |
| 610 | 2 | 0 | |a banky emisné |
| 610 | 2 | 0 | |a operácie bankové |
| 610 | 2 | 0 | |a vklady |
| 610 | 2 | 0 | |a pôžičky |
| 610 | 2 | 0 | |a investície |
| 610 | 2 | 0 | |a banky obchodné |
| 610 | 2 | 0 | |a trh devízový |
| 610 | 2 | 0 | |a vzťahy hospodárske medzinárodné |
| 610 | 2 | 0 | |a aktíva |
| 100 | 1 | |a Cairns, James P. | |
| 700 | 1 | |a Binhammer, H.H. | |